Berühmte Slogans - Statistiken

Allgemein
  • Dieses Quiz wurde 70.531 mal gespielt
  • Das Durchschnittsergebnis liegt bei 13 aus 22
Antwortstatistiken
Slogan Marke % Korrekt
-- {Haribo} macht Kinder froh - und Erwachsene ebenso
97%
Verleiht Flüüüüüügel Red Bull
95%
Wir lieben Lebensmittel Edeka
88%
Du bist nicht du, wenn du hungrig bist Snickers
87%
Das Auto. Volkswagen
87%
Bitte ein Bit Bitburger
85%
Ich liebe es McDonald's
76%
-- Waschmaschinen leben länger mit {Calgon}
74%
Quadratisch. Praktisch. Gut. Ritter Sport
68%
Vorsprung durch Technik Audi
67%
Ich bin doch nicht blöd! MediaMarkt
61%
Freude am Fahren BMW
60%
Für das Beste im Mann Gillette
55%
Geiz ist geil! Saturn
47%
Nichts ist unmöglich Toyota
47%
-- Katzen würden {Whiskas} kaufen
45%
Nur echt mit 52 Zähnen Leibniz Butterkeks
34%
Sind sie zu stark, bist du zu schwach Fisherman's Friend
33%
Schrei vor Glück Zalando
31%
Da weiß man, was man hat Persil
19%
Wer wird denn gleich in die Luft gehen? HB
11%
Freie Fahrt für freie Bürger ADAC
10%
Keine übereinstimmenden Quizze gefunden
Verteilung der Resultate
Anzahl Personen mit jedem Resultat
Perzentil nach korrekt beantworteten Fragen
Ihre Resultats-Entwicklung
Sie haben dieses Quiz noch nicht gespielt